|
|
|
|
| LEADER |
01428nam a2200385 i 4500 |
| 001 |
4041 |
| 003 |
BD-DhAAL |
| 005 |
20151011124841.0 |
| 008 |
151011s1980 ii a b 001 0 eng |
| 010 |
|
|
|a 80908466
|
| 020 |
|
|
|c Rs46.50
|a 8120400305
|
| 040 |
|
|
|d NIC
|d BD-DhAAL
|
| 050 |
0 |
|
|a HN690.Z9
|b C634
|
| 082 |
0 |
|
|a 370.19/346/0954
|2 19
|
| 100 |
1 |
|
|a Dahama, Om Prakash,
|d 1920-
|9 15299
|
| 245 |
1 |
0 |
|a Education and communication for development /
|c O.P. Dahama, O.P. Bhatnagar.
|
| 260 |
|
|
|a New Delhi :
|b Oxford & IBH Pub. Co.,
|c 1999.
|
| 300 |
|
|
|a xxiii, 732 p. :
|b ill. ;
|c 24 cm.
|
| 500 |
|
|
|a Includes indexes.
|
| 504 |
|
|
|a Bibliography: p. [709]-714.
|
| 541 |
|
|
|e 4041
|
| 650 |
|
0 |
|a Rural development
|z India
|9 15300
|
| 650 |
|
0 |
|a Education, Rural
|z India.
|9 15301
|
| 650 |
|
0 |
|a Communication in rural development
|z India.
|9 15302
|
| 650 |
|
0 |
|a Rural development
|9 15303
|
| 650 |
|
0 |
|a Education, Rural
|9 10387
|
| 650 |
|
0 |
|a Communication in rural development
|9 15304
|
| 650 |
|
7 |
|a Communication in rural development
|2 fast
|9 15304
|
| 650 |
|
7 |
|a Education, Rural
|2 fast
|9 10387
|
| 650 |
|
7 |
|a Rural development
|2 fast
|9 15303
|
| 651 |
|
7 |
|a India
|2 fast
|9 15305
|
| 700 |
1 |
|
|a Bhatnagar, Om Prakash,
|d 1934-
|9 15306
|
| 942 |
|
|
|2 ddc
|c BK
|
| 999 |
|
|
|c 35756
|d 35756
|
| 952 |
|
|
|0 0
|1 0
|2 ddc
|4 0
|6 370_190000000000000_346_0954_DAH
|7 0
|9 56231
|a SCL
|b SCL
|c GEN
|d 2015-10-11
|g 413.00
|l 0
|o 370.193460954 DAH
|p 3020004041
|r 2015-10-11
|t 1
|w 2015-10-11
|y BK
|